000 00842nam a2200265Ia 4500
003 OSt
005 20220918170234.0
006 a|||||r|||| 00| 0
007 ta
008 220917b |||||||| |||| 00| 0 eng d
020 _a978 90 272 5674 4 (hbk)
_cEURO 95.00
024 _a320,630
037 _b1324, 06/03/2017, Bright Book Service
_cTextual
040 _aARTS
_cARTS
_beng
041 _2eng
_aeng
082 _aP:33, Q6
100 _aTodd Richrd Watson Au.
_927856
245 0 _aDiscourse topics
260 _aAmsterdam
_bJohn Benjamins Publishing Company The Netherlands
_c2016
300 _axiv,304p.
_ccm.
490 _aPragmatics and beyond new series
650 _aCONVERSATION
_927857
942 _hP:33, Q6
_cTEXL
_2CC
999 _c133226
_d133226